000 00612nam a2200157 i 4500
001 25493
003 ES-MaACL
005 20230906153259.0
007 t|
008 021226s1948 ck ||||1| gao d
100 1 _aArce y Valladares, Manuel José.
_922469
245 1 0 _aEstoria del arca abierta :
_ben la cual se trata de cómo y por qué las mujeres casadas son dignas de non las dexar en descuidada soledat & ocio /
_csácala a luz pública D. Manuel Joseph de Arçe & Valladares.
260 _a[San Salvador :
_bs.n.,
_c1948] (
_fImp. La Tribuna)
300 _a36 p. ;
_c17 cm.
852 4 _aES-MaACL
_j2017-F-3
999 _c25493
_d25493